Most Popular Korean Dishes - Statistics

General Stats
  • This quiz has been taken 39 times
  • The average score is 6 of 12
Answer Stats
Picture Answer % Correct
Kimchi
97%
Bibimbap
74%
Gamja Hotdog
66%
Tteokbokki
57%
Korean Fried Chicken
54%
Bulgogi
49%
Gimbap
49%
Japchae
40%
Galbi
29%
Jeon
26%
Samgyeopsal
20%
Sundubu-jjigae
11%
No matching quizzes found
Score Distribution
Percent of People with Each Score
Percentile by Number Answered
Your Score History
You have not taken this quiz